000
00256nam a22001217a 4500
008
171124b xxu||||| |||| 00| 0 eng d
041
_a
eng
080
_a
159.9
100
_a
47
101
_a
PSI
245
_a
VENUN IN SPURS
_c
SHELIA.G
942
_2
udc
_c
BK
999
_c
38516
_d
38516